000 00331 a2200145 4500
001 181036
020 _a
040 _cMagnum
100 _aBarbara, Danusia
240 1 0 _aA borrachinha que queria ser lapis
_lpor
245 1 0 _aA borrachinha que queria ser lapis
362 0 _a1899
697 _aMAGNITO: IJ/GERAL
942 _cBK
999 _c181036
_d181036